Statistiques concernant Culture Générale - Série 1376

Cliquez ici pour prendre le quiz!

Statistiques générales

  • Ce quiz a été pris 104 fois
  • Le résultat moyen est 8 sur 10

Statistiques - réponses

QuestionRéponse% Correct
Lors d'un kidnapping, comment appelle-t-on la somme d'argent exigée contre la libération du captif ?rançon
97%
Quel sigle désigne la Caisse d'Allocations Familiales ?CAF
96%
L'un des gestes de premiers secours sur une personne inconsciente qui respire, consiste à la placer en P.L.S., la position latérale de...sécurité
93%
On dit d'un drapeau non hissé et non déployé, qu'il est "en...berne
90%
Quelle trilogie de Francis Ford Coppola raconte l'histoire des Corleone ?Le Parrain
90%
Dans les casinos, certaines machines à sous sont familièrement appelées des "bandits...manchots
75%
Quel est le plus grand lac du continent africain en terme de superficie ?lac Victoria
65%
Comme le mistral dans la vallée du Rhône et la Méditerranée, quel vent froid du nord-ouest souffle sur le Languedoc et le Roussillon ?tramontane
65%
Dans quel sport Ray Sugar Robinson s'est-il illustré ?boxe
56%
Quel chanteur et compositeur français a sorti l'album "Bleu pétrole" en 2008 ?Alain Bashung
24%

Distribution des résultats

Percentile par nombre de réponses

% des personnes avec chaque résultat

Votre développement - résultats

Vous n’avez pas pris ce quiz